Odstraňovanie škodlivých látok z vodného prostredia adsorpciou a adsorpčnou ozonizáciou

Enregistré dans:
Détails bibliographiques
Auteur principal: Korpicsová, Adriana (Auteur)
Autres auteurs: Derco, Ján (Directeur de thèse)
Format: Manuscrit Livre
Langue:slovaque
Publié: 2018
Sujets:
Accès en ligne:http://is.stuba.sk/zp/portal_zp.pl?podrobnosti=140094
Tags: Ajouter un tag
Pas de tags, Soyez le premier à ajouter un tag!

MARC

LEADER 00000ntm a22000003a 4500
001 stuzp70088
003 SK-STU
005 20180602211648.2
007 ta
008 150427s2015----xo-----f-mn---000-0-slo-d
040 |a STU  |b slo 
041 0 |a slo 
100 1 |a Korpicsová, Adriana  |u 046290  |4 aut  |U FCHPT Ústav chemického a environmentálneho inžinierstva  |T FCHPT Oddelenie environmentálneho inžinierstva  |X 61039  |U C6290  |Y 120  |7 61039 
242 0 1 |a Removal of pollutants from the aquatic environment by adsorption and adsorptive ozonation  |y eng 
245 1 0 |a Odstraňovanie škodlivých látok z vodného prostredia adsorpciou a adsorpčnou ozonizáciou 
260 |c 2018 
650 4 |a fosfor  |2 slo 
650 4 |a dusík  |2 slo 
650 4 |a zeolity  |2 slo 
650 4 |a adsorpčná ozonizácia  |2 slo 
650 4 |a adsorpcia  |2 slo 
650 4 |a adsorption  |2 eng 
650 4 |a adsorption ozonation  |2 eng 
650 4 |a phosphorus  |2 eng 
650 4 |a zeolites  |2 eng 
650 4 |a nitrogen  |2 eng 
700 1 |a Derco, Ján  |u 046290  |k Z1  |4 ths  |U FCHPT Ústav chemického a environmentálneho inžinierstva  |T FCHPT Oddelenie environmentálneho inžinierstva  |X 3304  |U C6290  |Y 120  |7 A000003304 
856 4 |u http://is.stuba.sk/zp/portal_zp.pl?podrobnosti=140094